• 首页
  • 本馆介绍
  • 公告通知
  • 最新文献
  • 馆藏检索
  • 电子资源
  • 读者导购
  • 参考咨询
  • 我的图书馆
  • 登录
  • 详细信息显示
  • 放入我的书架
  • 预约/预借图书
  • 作者相关作品
  • 分类相关作品
  • 丛书相关作品
  • 出版社相关作品

书目信息

  • 表格格式
  • 工作单格式
  • 卡片格式
题名:
财产及其起源
    
 
作者: Lafargue , 拉法格 著 ;王子野 译
分册:  
出版信息: 北京   三联书店  1962
页数: 178页
开本: 20cm
丛书名:
单 册:
中图分类: D0-0
科图分类:
主题词: 科学社会主义--研究 , 财产--起源--研究
电子资源:
ISBN:
000 00704nam0 2200253 45
001 0178005700
005 20060801150052.60
010    @dCNY0.58
091    @aCN@b2002.160
100    @a19950712e19781962kemy0chiy0121 ea
101 1  @achi@cfre
102    @aCN@b110000
105    @ay z 000yy
200 10 @a财产及其起源@Acai chan ji qi qi yuan@f(法)拉法格(P.Lafargue)著@g王子野译
210    @a北京@c三联书店@d1962@h1978重印
215    @a178页@d20cm
606    @a科学社会主义@x研究
606    @a财产@x起源@x研究
690    @aD0-0@v3
701 A1 @aLafargue@bP.@4著
701  1 @a拉法格@Ala fa ge@bP.@4著
702  0 @a王子野@Awang zi ye@4译
801  0 @aCN@bTSSF@c20060801
905    @a10447@dD0-0@e121
    
    财产及其起源/(法)拉法格(P.Lafargue)著/王子野译.-北京:三联书店,1962(1978重印)
    178页;20cm
    
    
    ISBN :CNY0.58
    
●
相关链接 在E读中查询图书 在五车中查询图书 在当当中查询图书 在豆瓣中查询图书


正题名:财产及其起源     索取号:D0-0/121         预约/预借

序号 登录号 条形码 馆藏地/架位号 状态 备注
1 0441245   204412457   密集书库/ [索取号:D0-0/121] 在馆    
2 0441246   204412466   密集书库/ [索取号:D0-0/121] 在馆    
唐山师范学院图书馆 欢迎您!
大连网信软件有限公司© 版权所有